[Event "Bundesliga 9899"]
[Site "Deutschland"]
[Date "1998.12.12"]
[Round "5.2"]
[White "Krasenkow, Michal"]
[Black "Kindermann, Stefan"]
[Result "1-0"]
[WhiteElo "2660"]
[BlackElo "2565"]
[PlyCount "65"]
[EventDate "1998.10.17"]
[EventType "team"]
[EventRounds "15"]
[EventCountry "GER"]
[SourceTitle "Bundesliga 9899"]
[Source "DeepChess"]
[SourceDate "2005.01.01"]
[SourceVersion "1"]
[SourceVersionDate "2005.01.01"]
[SourceQuality "1"]
[WhiteTeam "SG Bochum 31"]
[BlackTeam "SAbt SV Werder Bremen"]
[WhiteTeamCountry "GER"]
[BlackTeamCountry "GER"]

1. c4 f5 2. g3 Nf6 3. Bg2 g6 4. d3 d6 5. e4 c6 6. Nc3 Bg7 7. Nge2 O-O 8. h3 e5
9. Be3 Na6 10. Qd2 Be6 11. exf5 Bxf5 12. g4 Be6 13. f4 Rc8 14. O-O Rc7 15. Bxa7
Rcf7 16. Be3 h5 17. f5 gxf5 18. gxf5 Bc8 19. Ne4 Nh7 20. N2g3 Bxf5 21. Nxf5
Rxf5 22. Rxf5 Rxf5 23. Ng3 Rf7 24. Nxh5 Qh4 25. Nxg7 Rxg7 26. Kh1 Nc5 27. Rg1
Ne6 28. Qf2 Qh5 29. Qf3 Qh4 30. Qf2 Qh5 31. Bf1 Nhg5 32. Qf5 Nd4 33. Qxg5 1-0

[Event "Bundesliga 9899"]
[Site "Deutschland"]
[Date "1998.12.12"]
[Round "5.3"]
[White "Knaak, Rainer"]
[Black "Keitlinghaus, Ludger"]
[Result "0-1"]
[WhiteElo "2555"]
[BlackElo "2500"]
[PlyCount "74"]
[EventDate "1998.10.17"]
[EventType "team"]
[EventRounds "15"]
[EventCountry "GER"]
[SourceTitle "Bundesliga 9899"]
[Source "DeepChess"]
[SourceDate "2005.01.01"]
[SourceVersion "1"]
[SourceVersionDate "2005.01.01"]
[SourceQuality "1"]
[WhiteTeam "SAbt SV Werder Bremen"]
[BlackTeam "SG Bochum 31"]
[WhiteTeamCountry "GER"]
[BlackTeamCountry "GER"]

1. d4 d5 2. c4 c6 3. Nf3 Nf6 4. Nc3 dxc4 5. a4 Bf5 6. e3 e6 7. Bxc4 Bb4 8. O-O
Nbd7 9. Bd3 Bxd3 10. Qxd3 O-O 11. e4 Bxc3 12. bxc3 Nc5 13. Qb1 Ncxe4 14. Ba3
Re8 15. Qxb7 Qb8 16. Qa6 Nxc3 17. Rfc1 Nfd5 18. Qc4 Ne4 19. Qd3 Qf4 20. Rxc6
Rac8 21. Rc2 Rxc2 22. Qxc2 Ng5 23. Nxg5 Qxg5 24. Bd6 Qd8 25. Bc5 h6 26. h3 a6
27. Qc4 Qb8 28. Ba3 Qb6 29. Rf1 Rb8 30. Bc5 Qc6 31. g3 Rb2 32. Re1 Ne3 33. Rxe3
Rb1+ 34. Qf1 Rxf1+ 35. Kxf1 Qxa4 36. Kg1 Qd1+ 37. Kg2 a5 0-1

[Event "Bundesliga 9899"]
[Site "Deutschland"]
[Date "1998.12.12"]
[Round "5.4"]
[White "Bosch, Jeroen"]
[Black "Babula, Vlastimil"]
[Result "1/2-1/2"]
[WhiteElo "2460"]
[BlackElo "2555"]
[PlyCount "76"]
[EventDate "1998.10.17"]
[EventType "team"]
[EventRounds "15"]
[EventCountry "GER"]
[SourceTitle "Bundesliga 9899"]
[Source "DeepChess"]
[SourceDate "2005.01.01"]
[SourceVersion "1"]
[SourceVersionDate "2005.01.01"]
[SourceQuality "1"]
[WhiteTeam "SG Bochum 31"]
[BlackTeam "SAbt SV Werder Bremen"]
[WhiteTeamCountry "GER"]
[BlackTeamCountry "GER"]

1. e4 c5 2. Nf3 Nc6 3. d4 cxd4 4. Nxd4 Nf6 5. Nc3 e5 6. Ndb5 d6 7. Bg5 a6 8.
Na3 b5 9. Bxf6 gxf6 10. Nd5 f5 11. Bd3 Be6 12. Qh5 Rg8 13. c3 Rc8 14. g3 fxe4
15. Bxe4 Rg4 16. Bg2 b4 17. Nc2 bxc3 18. bxc3 e4 19. Nce3 Rg5 20. Qd1 Re5 21.
O-O Bg7 22. Rb1 Ne7 23. c4 Nxd5 24. cxd5 Bd7 25. Re1 Kf8 26. Bf1 Rc5 27. Bxa6
Bh6 28. Qb3 Bxe3 29. Rxe3 Rexd5 30. Bb7 Rd2 31. Rxe4 Rb5 32. Rb4 Qb6 33. Qe3
Qxe3 34. fxe3 Rxb4 35. Rxb4 Rxa2 36. Bg2 Ra1+ 37. Kf2 Ra2+ 38. Kg1 Ra1+ 1/2-1/2

[Event "Bundesliga 9899"]
[Site "Deutschland"]
[Date "1998.12.12"]
[Round "5.5"]
[White "Meins, Gerlef"]
[Black "Reschke, Stefan"]
[Result "1/2-1/2"]
[WhiteElo "2450"]
[BlackElo "2380"]
[PlyCount "101"]
[EventDate "1998.10.17"]
[EventType "team"]
[EventRounds "15"]
[EventCountry "GER"]
[SourceTitle "Bundesliga 9899"]
[Source "DeepChess"]
[SourceDate "2005.01.01"]
[SourceVersion "1"]
[SourceVersionDate "2005.01.01"]
[SourceQuality "1"]
[WhiteTeam "SAbt SV Werder Bremen"]
[BlackTeam "SG Bochum 31"]
[WhiteTeamCountry "GER"]
[BlackTeamCountry "GER"]

1. d4 Nf6 2. c4 g6 3. Nc3 Bg7 4. e4 d6 5. Be2 O-O 6. Bg5 Na6 7. f4 c6 8. Nf3
Nc7 9. Qd2 b5 10. cxb5 cxb5 11. e5 b4 12. exf6 bxc3 13. bxc3 exf6 14. Bh4 Re8
15. O-O Nd5 16. Rfe1 Qa5 17. c4 Qxd2 18. Nxd2 Nc7 19. Bf3 Rb8 20. Rxe8+ Nxe8
21. Re1 Bd7 22. c5 dxc5 23. dxc5 Be6 24. Nb3 f5 25. Bf2 Nf6 26. c6 Ne4 27. Bxa7
Ra8 28. Bd4 Bxb3 29. Bxg7 Bd5 30. Bd4 Bxc6 31. Rc1 Bd7 32. Ra1 Ra4 33. Be3 Be6
34. a3 Nc3 35. Bd2 Na2 36. Rb1 Rxa3 37. Kf2 Nc3 38. Bxc3 Rxc3 39. Rb2 Kg7 40.
g3 Bc4 41. h4 h6 42. Rb6 Be6 43. Ra6 Rd3 44. Rb6 Ra3 45. Rd6 Kf6 46. Rb6 g5 47.
hxg5+ hxg5 48. fxg5+ Kxg5 49. Rb4 Ra5 50. Ke3 Re5+ 51. Kf2 1/2-1/2

[Event "Bundesliga 9899"]
[Site "Deutschland"]
[Date "1998.12.12"]
[Round "5.6"]
[White "Ellers, Holger"]
[Black "Heissler, Jakob"]
[Result "1-0"]
[WhiteElo "2450"]
[BlackElo "2435"]
[PlyCount "53"]
[EventDate "1998.10.17"]
[EventType "team"]
[EventRounds "15"]
[EventCountry "GER"]
[SourceTitle "Bundesliga 9899"]
[Source "DeepChess"]
[SourceDate "2005.01.01"]
[SourceVersion "1"]
[SourceVersionDate "2005.01.01"]
[SourceQuality "1"]
[WhiteTeam "SG Bochum 31"]
[BlackTeam "SAbt SV Werder Bremen"]
[WhiteTeamCountry "GER"]
[BlackTeamCountry "GER"]

1. d4 Nf6 2. Nf3 g6 3. g3 Bg7 4. Bg2 O-O 5. O-O d6 6. c4 Nbd7 7. Nc3 e5 8. e4
a6 9. h3 b5 10. a3 bxc4 11. dxe5 Nxe5 12. Nxe5 dxe5 13. Qa4 Be6 14. Bg5 Qb8 15.
Nd5 Bxd5 16. exd5 Qb5 17. Qxb5 axb5 18. a4 e4 19. axb5 Rxa1 20. Rxa1 Nxd5 21.
Rd1 Nb4 22. Be7 Nd3 23. Bxf8 Kxf8 24. Bxe4 Nxb2 25. Rd7 Be5 26. f4 Bd6 27. Rxd6
1-0

[Event "Bundesliga 9899"]
[Site "Deutschland"]
[Date "1998.12.12"]
[Round "5.7"]
[White "Kachiani Gersinska, Ketino"]
[Black "De Gleria, Francesco"]
[Result "1-0"]
[WhiteElo "2435"]
[BlackElo "2245"]
[PlyCount "39"]
[EventDate "1998.10.17"]
[EventType "team"]
[EventRounds "15"]
[EventCountry "GER"]
[SourceTitle "Bundesliga 9899"]
[Source "DeepChess"]
[SourceDate "2005.01.01"]
[SourceVersion "1"]
[SourceVersionDate "2005.01.01"]
[SourceQuality "1"]
[WhiteTeam "SAbt SV Werder Bremen"]
[BlackTeam "SG Bochum 31"]
[WhiteTeamCountry "GER"]
[BlackTeamCountry "GER"]

1. d4 Nf6 2. c4 g6 3. Nc3 Bg7 4. e4 d6 5. Be2 O-O 6. Bg5 Na6 7. h4 c5 8. d5 Nc7
9. h5 e6 10. Qd2 exd5 11. exd5 Qd7 12. O-O-O b5 13. cxb5 Bb7 14. Bh6 Rae8 15.
Bxg7 Kxg7 16. Rh4 Ncxd5 17. Bf3 Nxc3 18. Qxc3 Re5 19. h6+ Kg8 20. Qxe5 1-0

[Event "Bundesliga 9899"]
[Site "Deutschland"]
[Date "1998.12.12"]
[Round "5.8"]
[White "Ankerst, Mihael"]
[Black "Floegel, Ulrich"]
[Result "1-0"]
[WhiteElo "2360"]
[BlackElo "2365"]
[PlyCount "80"]
[EventDate "1998.10.17"]
[EventType "team"]
[EventRounds "15"]
[EventCountry "GER"]
[SourceTitle "Bundesliga 9899"]
[Source "DeepChess"]
[SourceDate "2005.01.01"]
[SourceVersion "1"]
[SourceVersionDate "2005.01.01"]
[SourceQuality "1"]
[WhiteTeam "SG Bochum 31"]
[BlackTeam "SAbt SV Werder Bremen"]
[WhiteTeamCountry "GER"]
[BlackTeamCountry "GER"]

1. e4 Nf6 2. e5 Nd5 3. d4 d6 4. f4 dxe5 5. fxe5 Bf5 6. Nf3 e6 7. Bd3 Bxd3 8.
Qxd3 c5 9. c3 cxd4 10. cxd4 Nc6 11. O-O Ndb4 12. Qd1 Qb6 13. Kh1 h6 14. Nbd2
O-O-O 15. a3 Nd5 16. Nc4 Qb5 17. Qd3 Kb8 18. Bd2 g5 19. h3 Rg8 20. b4 Nb6 21.
Rfc1 Nxc4 22. Rxc4 Qd5 23. Qc3 g4 24. hxg4 Rxg4 25. Rc1 Be7 26. Be1 a6 27. a4
Rdg8 28. Rc2 h5 29. b5 Nb4 30. Rxb4 Bxb4 31. Qc7+ Ka8 32. b6 Qd8 33. Qxd8+ Rxd8
34. Bxb4 h4 35. Be7 Rh8 36. Bf6 Rhg8 37. Bxh4 Rh8 38. Kg1 Kb8 39. Bf2 Rhg8 40.
Be3 Re4 1-0

[Event "Bundesliga 9899"]
[Site "Deutschland"]
[Date "1998.12.12"]
[Round "5.2"]
[White "Jussupow, Artur"]
[Black "Stohl, Igor"]
[Result "1/2-1/2"]
[WhiteElo "2630"]
[BlackElo "2550"]
[PlyCount "46"]
[EventDate "1998.10.17"]
[EventType "team"]
[EventRounds "15"]
[EventCountry "GER"]
[SourceTitle "Bundesliga 9899"]
[Source "DeepChess"]
[SourceDate "2005.01.01"]
[SourceVersion "1"]
[SourceVersionDate "2005.01.01"]
[SourceQuality "1"]
[WhiteTeam "SG 1868 Aljech. Solingen"]
[BlackTeam "SF Neukoelln 03 e.V."]
[WhiteTeamCountry "GER"]
[BlackTeamCountry "GER"]

1. d4 Nf6 2. Nf3 g6 3. Bg5 Bg7 4. Nbd2 d6 5. c3 h6 6. Bh4 O-O 7. e4 c5 8. dxc5
dxc5 9. Be2 Nc6 10. O-O Nh5 11. Re1 Qc7 12. Qc2 Be6 13. Nc4 Rad8 14. Ne3 Rd7
15. Bc4 Bxc4 16. Nxc4 b5 17. Ne3 e6 18. Rad1 Rxd1 19. Rxd1 Bf6 20. Bxf6 Nxf6
21. a4 a6 22. axb5 axb5 23. Nd2 Rd8 1/2-1/2

[Event "Bundesliga 9899"]
[Site "Deutschland"]
[Date "1998.12.12"]
[Round "5.6"]
[White "Gabriel, Christian"]
[Black "Polzin, Rainer"]
[Result "1-0"]
[WhiteElo "2555"]
[BlackElo "2440"]
[PlyCount "85"]
[EventDate "1998.10.17"]
[EventType "team"]
[EventRounds "15"]
[EventCountry "GER"]
[SourceTitle "Bundesliga 9899"]
[Source "DeepChess"]
[SourceDate "2005.01.01"]
[SourceVersion "1"]
[SourceVersionDate "2005.01.01"]
[SourceQuality "1"]
[WhiteTeam "SG 1868 Aljech. Solingen"]
[BlackTeam "SF Neukoelln 03 e.V."]
[WhiteTeamCountry "GER"]
[BlackTeamCountry "GER"]

1. d4 Nf6 2. c4 g6 3. Nc3 Bg7 4. e4 d6 5. f4 O-O 6. Nf3 Na6 7. Be3 e5 8. dxe5
Ng4 9. Bg1 dxe5 10. Qxd8 Rxd8 11. h3 Nf6 12. Nxe5 Nh5 13. Bh2 Re8 14. g3 c6 15.
O-O-O Nc5 16. Be2 Bxe5 17. fxe5 Ng7 18. g4 Nd7 19. e6 Nxe6 20. e5 Kg7 21. Ne4
Nec5 22. Nd6 Re7 23. b4 Na6 24. a3 Nxe5 25. Rhe1 f6 26. Bf1 g5 27. Re3 Nc7 28.
Rde1 b6 29. Ne4 Ng6 30. Nxf6 Rxe3 31. Nh5+ Kh6 32. Rxe3 Ne6 33. Bg2 a5 34. b5
Ra7 35. bxc6 Rf7 36. Bg3 Nef4 37. Bd5 Rf8 38. Kd2 Nxh5 39. gxh5 Nf4 40. h4 Kxh5
41. hxg5 Ng6 42. Bd6 Rh8 43. Rg3 1-0

[Event "Bundesliga 9899"]
[Site "Deutschland"]
[Date "1998.12.12"]
[Round "5.7"]
[White "Schoene, Ralf"]
[Black "Kasimdzhanov, Rustam"]
[Result "0-1"]
[WhiteElo "2425"]
[BlackElo "2565"]
[PlyCount "92"]
[EventDate "1998.10.17"]
[EventType "team"]
[EventRounds "15"]
[EventCountry "GER"]
[SourceTitle "Bundesliga 9899"]
[Source "DeepChess"]
[SourceDate "2005.01.01"]
[SourceVersion "1"]
[SourceVersionDate "2005.01.01"]
[SourceQuality "1"]
[WhiteTeam "SF Neukoelln 03 e.V."]
[BlackTeam "SG 1868 Aljech. Solingen"]
[WhiteTeamCountry "GER"]
[BlackTeamCountry "GER"]

1. c4 g6 2. d4 Bg7 3. g3 Nf6 4. Bg2 d5 5. cxd5 Nxd5 6. e4 Nb6 7. Ne2 O-O 8. O-O
Nc6 9. d5 Na5 10. Nbc3 c6 11. dxc6 Nxc6 12. b3 Nb4 13. a3 Nc6 14. Ra2 Qxd1 15.
Rxd1 Na5 16. b4 Nac4 17. Rc2 Bg4 18. h3 Bd7 19. Rxd7 Nxd7 20. Nd5 Ndb6 21.
Nxe7+ Kh8 22. Nc3 Rfe8 23. Ned5 Rac8 24. Re2 f5 25. Nxb6 Nxb6 26. Na2 fxe4 27.
Bxe4 Nd5 28. Kf1 Nc3 29. Nxc3 Rxc3 30. Bd2 Rxa3 31. Bxb7 Rxe2 32. Kxe2 Bc3 33.
Bxc3+ Rxc3 34. b5 Rc5 35. Ba6 g5 36. Ke3 Kg7 37. Kd4 Rf5 38. Ke3 Kf6 39. Ke2
Rc5 40. Kf3 Rc3+ 41. Kg2 Rb3 42. Kf1 h5 43. Ke2 h4 44. Kf1 hxg3 45. fxg3 Rxg3
46. Bc8 Rb3 0-1

[Event "Bundesliga 9899"]
[Site "Deutschland"]
[Date "1998.12.12"]
[Round "5.8"]
[White "Bischoff, Klaus"]
[Black "Rudolf, Henrik"]
[Result "1-0"]
[WhiteElo "2545"]
[BlackElo "2275"]
[PlyCount "90"]
[EventDate "1998.10.17"]
[EventType "team"]
[EventRounds "15"]
[EventCountry "GER"]
[SourceTitle "Bundesliga 9899"]
[Source "DeepChess"]
[SourceDate "2005.01.01"]
[SourceVersion "1"]
[SourceVersionDate "2005.01.01"]
[SourceQuality "1"]
[WhiteTeam "SG 1868 Aljech. Solingen"]
[BlackTeam "SF Neukoelln 03 e.V."]
[WhiteTeamCountry "GER"]
[BlackTeamCountry "GER"]

1. d4 g6 2. c4 Bg7 3. Nc3 d6 4. e4 Nf6 5. Nf3 O-O 6. Be2 e5 7. O-O Nc6 8. d5
Ne7 9. Ne1 Nd7 10. Nd3 f5 11. f3 f4 12. Bd2 g5 13. a4 Nf6 14. c5 Ng6 15. cxd6
cxd6 16. Nf2 Rf7 17. Qc2 h5 18. h3 Bf8 19. Rfc1 g4 20. fxg4 hxg4 21. hxg4 Nh4
22. Qd1 Rg7 23. Be1 a6 24. Ra3 Qe8 25. Nb1 Qg6 26. Nd2 Bxg4 27. Nxg4 Nxg4 28.
Bxg4 Qxg4 29. Qxg4 Rxg4 30. Bxh4 Rxh4 31. Nf3 Rg4 32. Rc7 Rb8 33. Rac3 Rg7 34.
Rxg7+ Kxg7 35. Rc7+ Kf6 36. Kf2 Be7 37. Nh4 Bd8 38. Rd7 Bb6+ 39. Kf3 Bc5 40.
Nf5 b5 41. a5 Rg8 42. Rc7 Rh8 43. Rc6 Rh1 44. Nxd6 Bd4 45. Kg4 Bxb2 1-0

[Event "Bundesliga 9899"]
[Site "Deutschland"]
[Date "1998.12.12"]
[Round "5.2"]
[White "Schlosser, Philipp"]
[Black "Van Wely, Loek"]
[Result "1/2-1/2"]
[WhiteElo "2515"]
[BlackElo "2605"]
[PlyCount "86"]
[EventDate "1998.10.17"]
[EventType "team"]
[EventRounds "15"]
[EventCountry "GER"]
[SourceTitle "Bundesliga 9899"]
[Source "DeepChess"]
[SourceDate "2005.01.01"]
[SourceVersion "1"]
[SourceVersionDate "2005.01.01"]
[SourceQuality "1"]
[WhiteTeam "SK Passau 1869"]
[BlackTeam "SG Porz e.V."]
[WhiteTeamCountry "GER"]
[BlackTeamCountry "GER"]

1. Nf3 Nf6 2. d4 g6 3. Bf4 Bg7 4. e3 O-O 5. h3 c5 6. c3 b6 7. Nbd2 Bb7 8. Bh2
d6 9. Bc4 Nc6 10. O-O d5 11. Bb3 cxd4 12. cxd4 Ba6 13. Re1 Nb4 14. Ne5 Nd7 15.
Ndf3 Nxe5 16. Nxe5 Bxe5 17. dxe5 Bc4 18. e4 Rc8 19. Qd2 a5 20. Bxc4 dxc4 21.
Qe2 Nd3 22. Red1 Qd4 23. Rd2 Rfd8 24. Rad1 b5 25. Bg3 a4 26. Kh2 a3 27. b3 Qc5
28. f4 Rd4 29. f5 Qc6 30. e6 fxe6 31. fxg6 hxg6 32. bxc4 bxc4 33. Rc2 Rxe4 34.
Qf3 Rd4 35. Qe3 Qd5 36. Qh6 Qh5 37. Qe3 Qd5 38. Qh6 Qh5 39. Qe3 Qxd1 40. Qxe6+
Kg7 41. Qxe7+ Kg8 42. Qe6+ Kg7 43. Qe7+ Kg8 1/2-1/2

[Event "Bundesliga 9899"]
[Site "Deutschland"]
[Date "1998.12.12"]
[Round "5.3"]
[White "Khalifman, Alexander"]
[Black "Schmidt, Peter"]
[Result "1/2-1/2"]
[WhiteElo "2660"]
[BlackElo "2410"]
[PlyCount "87"]
[EventDate "1998.10.17"]
[EventType "team"]
[EventRounds "15"]
[EventCountry "GER"]
[SourceTitle "Bundesliga 9899"]
[Source "DeepChess"]
[SourceDate "2005.01.01"]
[SourceVersion "1"]
[SourceVersionDate "2005.01.01"]
[SourceQuality "1"]
[WhiteTeam "SG Porz e.V."]
[BlackTeam "SK Passau 1869"]
[WhiteTeamCountry "GER"]
[BlackTeamCountry "GER"]

1. d4 d5 2. Nf3 Nf6 3. c4 c6 4. Nc3 dxc4 5. a4 Bf5 6. e3 e6 7. Bxc4 Bb4 8. O-O
O-O 9. Qe2 Bg6 10. Ne5 Nbd7 11. Nxg6 hxg6 12. Rd1 Qa5 13. e4 e5 14. d5 Nb6 15.
dxc6 bxc6 16. Bd3 Rfd8 17. Qc2 c5 18. Bg5 Rd4 19. Nb5 c4 20. Be2 Rc8 21. h4
Rxd1+ 22. Bxd1 c3 23. bxc3 Bxc3 24. Nxc3 Rxc3 25. Bd2 Rxc2 26. Bxa5 Rc5 27.
Bxb6 axb6 28. f3 Kf8 29. Kf2 Ke7 30. Ke2 Ra5 31. Rb1 Nd7 32. Kd2 f5 33. Kc3
Rc5+ 34. Kd3 Ra5 35. Ke3 Rc5 36. g3 Rc3+ 37. Kd2 Ra3 38. exf5 gxf5 39. g4 g6
40. g5 Ra2+ 41. Bc2 Ra3 42. Bd1 Ra2+ 43. Bc2 Ra3 44. Bd1 1/2-1/2

[Event "Bundesliga 9899"]
[Site "Deutschland"]
[Date "1998.12.12"]
[Round "5.5"]
[White "Vaganian, Rafael A"]
[Black "Smejkal, Jan"]
[Result "1-0"]
[WhiteElo "2630"]
[BlackElo "2525"]
[PlyCount "73"]
[EventDate "1998.10.17"]
[EventType "team"]
[EventRounds "15"]
[EventCountry "GER"]
[SourceTitle "Bundesliga 9899"]
[Source "DeepChess"]
[SourceDate "2005.01.01"]
[SourceVersion "1"]
[SourceVersionDate "2005.01.01"]
[SourceQuality "1"]
[WhiteTeam "SG Porz e.V."]
[BlackTeam "SK Passau 1869"]
[WhiteTeamCountry "GER"]
[BlackTeamCountry "GER"]

1. d4 Nf6 2. c4 g6 3. g3 Bg7 4. Bg2 d5 5. cxd5 Nxd5 6. e4 Nb6 7. Ne2 c5 8. d5
e6 9. O-O O-O 10. Nbc3 exd5 11. exd5 Na6 12. d6 Re8 13. Nf4 Rb8 14. Nfd5 Nxd5
15. Nxd5 Be6 16. Bf4 Bxd5 17. Qxd5 Nb4 18. Qd2 Qd7 19. Rae1 Bf6 20. h4 Nc6 21.
Bxc6 Qxc6 22. d7 Rxe1 23. Rxe1 Rd8 24. Qd6 Qxd6 25. Bxd6 h5 26. Re8+ Kg7 27.
Bf8+ Kh7 28. Rxd8 Bxd8 29. Kg2 Kg8 30. Bxc5 b6 31. Be3 f6 32. Kf3 Kf7 33. Ke4
Ke6 34. b4 g5 35. g4 gxh4 36. gxh5 f5+ 37. Kf3 1-0

[Event "Bundesliga 9899"]
[Site "Deutschland"]
[Date "1998.12.12"]
[Round "5.6"]
[White "Klebel, Martin"]
[Black "Hansen, Curt"]
[Result "1/2-1/2"]
[WhiteElo "2410"]
[BlackElo "2595"]
[PlyCount "48"]
[EventDate "1998.10.17"]
[EventType "team"]
[EventRounds "15"]
[EventCountry "GER"]
[SourceTitle "Bundesliga 9899"]
[Source "DeepChess"]
[SourceDate "2005.01.01"]
[SourceVersion "1"]
[SourceVersionDate "2005.01.01"]
[SourceQuality "1"]
[WhiteTeam "SK Passau 1869"]
[BlackTeam "SG Porz e.V."]
[WhiteTeamCountry "GER"]
[BlackTeamCountry "GER"]

1. d4 d6 2. Nf3 Nf6 3. c4 g6 4. Nc3 Bg7 5. e4 O-O 6. Be2 c5 7. d5 e6 8. O-O Re8
9. h3 exd5 10. exd5 Bf5 11. Re1 Na6 12. a3 Ne4 13. Nxe4 Bxe4 14. Bg5 Qa5 15.
Bd2 Qb6 16. Bc3 Bxc3 17. bxc3 Qd8 18. Bd3 Bxf3 19. Qxf3 Qg5 20. Rab1 Rxe1+ 21.
Rxe1 Nc7 22. Qe3 Qxe3 23. Rxe3 Kf8 24. f4 Re8 1/2-1/2

[Event "Bundesliga 9899"]
[Site "Deutschland"]
[Date "1998.12.12"]
[Round "5.7"]
[White "Stangl, Markus"]
[Black "Schlingensiepen, Christian"]
[Result "1-0"]
[WhiteElo "2530"]
[BlackElo "2300"]
[PlyCount "55"]
[EventDate "1998.10.17"]
[EventType "team"]
[EventRounds "15"]
[EventCountry "GER"]
[SourceTitle "Bundesliga 9899"]
[Source "DeepChess"]
[SourceDate "2005.01.01"]
[SourceVersion "1"]
[SourceVersionDate "2005.01.01"]
[SourceQuality "1"]
[WhiteTeam "SG Porz e.V."]
[BlackTeam "SK Passau 1869"]
[WhiteTeamCountry "GER"]
[BlackTeamCountry "GER"]

1. Nf3 Nf6 2. c4 e6 3. g3 d5 4. Bg2 Be7 5. O-O O-O 6. d4 dxc4 7. Qc2 Bd7 8. Ne5
Bc6 9. Nxc6 Nxc6 10. e3 Qd7 11. Qxc4 Rfd8 12. Bd2 Rab8 13. b4 a6 14. a4 Na7 15.
Rc1 c6 16. Nc3 Nc8 17. Ra2 Nd5 18. Ne4 Nd6 19. Nxd6 Qxd6 20. b5 cxb5 21. axb5
axb5 22. Qxb5 f5 23. Ra7 Rd7 24. Rc5 Bd8 25. Bxd5 Bb6 26. Bxe6+ Qxe6 27. Re5
Qd6 28. Ra1 1-0

[Event "Bundesliga 9899"]
[Site "Deutschland"]
[Date "1998.12.12"]
[Round "5.8"]
[White "Kaiser, Wolfgang"]
[Black "Vogt, Lothar"]
[Result "0-1"]
[WhiteElo "2400"]
[BlackElo "2510"]
[PlyCount "96"]
[EventDate "1998.10.17"]
[EventType "team"]
[EventRounds "15"]
[EventCountry "GER"]
[SourceTitle "Bundesliga 9899"]
[Source "DeepChess"]
[SourceDate "2005.01.01"]
[SourceVersion "1"]
[SourceVersionDate "2005.01.01"]
[SourceQuality "1"]
[WhiteTeam "SK Passau 1869"]
[BlackTeam "SG Porz e.V."]
[WhiteTeamCountry "GER"]
[BlackTeamCountry "GER"]

1. Nf3 Nf6 2. g3 g6 3. b3 Bg7 4. Bb2 d6 5. Bg2 e5 6. d3 O-O 7. c4 c6 8. O-O Na6
9. a3 Bg4 10. h3 Bxf3 11. Bxf3 Re8 12. Bg2 d5 13. cxd5 cxd5 14. Nd2 Qd6 15. b4
Nc7 16. e3 Nd7 17. Nb3 b6 18. Qc2 Ne6 19. Rfc1 f5 20. Qc6 Qxc6 21. Rxc6 e4 22.
Bxg7 Kxg7 23. d4 Kf7 24. Rac1 Ke7 25. Bf1 g5 26. Be2 Nf6 27. a4 Rab8 28. R6c2
Red8 29. a5 Ne8 30. axb6 axb6 31. Bb5 Ra8 32. Bc6 Ra3 33. Nd2 f4 34. Nb1 Rb3
35. Nc3 N8c7 36. b5 Ra3 37. Ra2 Rxa2 38. Nxa2 Rf8 39. Nb4 fxe3 40. fxe3 Rf3 41.
Nxd5+ Nxd5 42. Bxd5 Rxe3 43. Rc6 Nxd4 44. Rxb6 Re1+ 45. Kf2 Re2+ 46. Kf1 e3 47.
Bc4 Rf2+ 48. Ke1 Rc2 0-1

[Event "Bundesliga 9899"]
[Site "Deutschland"]
[Date "1998.12.12"]
[Round "5.2"]
[White "Slobodjan, Roman"]
[Black "Beikert, Guenther"]
[Result "1/2-1/2"]
[WhiteElo "2530"]
[BlackElo "2495"]
[PlyCount "77"]
[EventDate "1998.10.17"]
[EventType "team"]
[EventRounds "15"]
[EventCountry "GER"]
[SourceTitle "Bundesliga 9899"]
[Source "DeepChess"]
[SourceDate "2005.01.01"]
[SourceVersion "1"]
[SourceVersionDate "2005.01.01"]
[SourceQuality "1"]
[WhiteTeam "USC Magdeburg"]
[BlackTeam "SK Viernheim"]
[WhiteTeamCountry "GER"]
[BlackTeamCountry "GER"]

1. e4 e5 2. Bc4 Nf6 3. d3 Be7 4. Nc3 O-O 5. f4 exf4 6. Bxf4 Bb4 7. Nge2 d5 8.
exd5 Bxc3+ 9. bxc3 b5 10. Bb3 Bg4 11. O-O Nxd5 12. Qd2 c5 13. Bg5 Qd7 14. a4 b4
15. cxb4 cxb4 16. h3 Bxe2 17. Qxe2 Nc6 18. Qf3 Nc3 19. Be3 Rad8 20. Kh1 Nd4 21.
Bxd4 Qxd4 22. Rae1 Qd7 23. Qf4 a5 24. Qg5 Rde8 25. Rxe8 Qxe8 26. Qxa5 Ne2 27.
Qc7 Qe3 28. Kh2 g6 29. a5 Kg7 30. a6 Kh6 31. Bd5 Rc8 32. Qd6 Rd8 33. Qxd8 Qe5+
34. Kh1 Ng3+ 35. Kg1 Qe3+ 36. Rf2 Ne2+ 37. Kf1 Ng3+ 38. Kg1 Ne2+ 39. Kf1
1/2-1/2

[Event "Bundesliga 9899"]
[Site "Deutschland"]
[Date "1998.12.12"]
[Round "5.3"]
[White "Sokolovs, Andrei"]
[Black "Georgiev, Vladimir"]
[Result "1-0"]
[WhiteElo "2490"]
[BlackElo "2565"]
[PlyCount "105"]
[EventDate "1998.10.17"]
[EventType "team"]
[EventRounds "15"]
[EventCountry "GER"]
[SourceTitle "Bundesliga 9899"]
[Source "DeepChess"]
[SourceDate "2005.01.01"]
[SourceVersion "1"]
[SourceVersionDate "2005.01.01"]
[SourceQuality "1"]
[WhiteTeam "SK Viernheim"]
[BlackTeam "USC Magdeburg"]
[WhiteTeamCountry "GER"]
[BlackTeamCountry "GER"]

1. c4 c5 2. Nf3 g6 3. d4 cxd4 4. Nxd4 Bg7 5. e4 Nc6 6. Be3 Nf6 7. Nc3 O-O 8.
Be2 d6 9. O-O Bd7 10. Rc1 Nxd4 11. Bxd4 Bc6 12. f3 Bh6 13. Rc2 Nh5 14. Re1 Nf4
15. Bf1 Ne6 16. Bf2 b6 17. Nd5 Nc5 18. b4 Nd7 19. Bh4 f6 20. Rb2 Rf7 21. Bf2 e6
22. Nc3 Ne5 23. Bg3 g5 24. Rd2 Rd7 25. Qb3 Qe7 26. Red1 Rad8 27. a4 Kh8 28. Kh1
g4 29. f4 Ng6 30. Rf2 e5 31. fxe5 fxe5 32. Be2 Qe6 33. Nd5 Rf8 34. Rdf1 Rxf2
35. Rxf2 Rf7 36. Qd1 Rxf2 37. Bxf2 Qf7 38. Kg1 Nf4 39. Bxg4 Qg6 40. Nxf4 Bxf4
41. Bf5 Qh6 42. g3 Be3 43. h4 a5 44. bxa5 bxa5 45. c5 Bxc5 46. Bxc5 dxc5 47.
Qd8+ Kg7 48. Qe7+ Kh8 49. Qd8+ Kg7 50. Qe7+ Kh8 51. Be6 Qe3+ 52. Kh2 Qf2+ 53.
Kh3 1-0